[Event "5th Kings Tournament"]
[Site "Medias ROU"]
[Date "2011.06.17"]
[Round "6"]
[White "Radjabov, Teimour"]
[Black "Ivanchuk, Vassily"]
[Result "1/2-1/2"]
[WhiteElo "2744"]
[BlackElo "2776"]
[PlyCount "90"]
[EventDate "2011.06.11"]

1. Nf3 Nf6 2. c4 e6 3. Nc3 d5 4. d4 c5 5. cxd5 Nxd5 6. e4 Nxc3 7. bxc3 cxd4 8.
cxd4 Bb4+ 9. Bd2 Bxd2+ 10. Qxd2 O-O 11. Bc4 b6 12. O-O Bb7 13. Rfe1 Nc6 14.
Rad1 Rc8 15. h3 h6 16. Qf4 Na5 17. Bd3 Nc4 18. Rc1 Qd6 19. Qxd6 Nxd6 20. Nd2
Rc6 21. f3 Rfc8 22. Rxc6 Rxc6 23. Rd1 Rc3 24. Nb1 Rc7 25. Nd2 Bc8 26. Kf2 Bd7
27. Rb1 Kf8 28. Ke2 Ke7 29. g4 f6 30. h4 e5 31. d5 b5 32. a3 a6 33. h5 Nb7 34.
Nb3 Kd6 35. Kd2 Rc8 36. Be2 Kc7 37. Nc1 Nd6 38. Na2 a5 39. Nc3 Rb8 40. Rc1 Kd8
41. Rb1 Rb7 42. Bd3 Kc7 43. Kc1 Kb8 44. Rb3 Ka7 45. Rb1 Rb8 1/2-1/2

[Event "5th Kings Tournament"]
[Site "Medias ROU"]
[Date "2011.06.18"]
[Round "7"]
[White "Carlsen, Magnus"]
[Black "Ivanchuk, Vassily"]
[Result "1-0"]
[WhiteElo "2815"]
[BlackElo "2776"]
[PlyCount "143"]
[EventDate "2011.06.11"]

1. d4 Nf6 2. c4 e6 3. Nf3 d5 4. Nc3 Bb4 5. Bg5 Nbd7 6. cxd5 exd5 7. Qc2 c5 8.
dxc5 h6 9. Bd2 O-O 10. e3 Bxc5 11. Rc1 Qe7 12. Be2 a6 13. Qd3 Nb6 14. O-O Bg4
15. Nd4 Bd7 16. Bf3 Rfe8 17. b3 Ba3 18. Rc2 Rac8 19. Nce2 Rxc2 20. Qxc2 Be6 21.
Bc1 Rc8 22. Bxa3 Qxa3 23. Qd2 Bg4 24. Bxg4 Nxg4 25. Nf5 Nf6 26. h3 Kh7 27. Qd4
Nbd7 28. Qf4 Nf8 29. Neg3 Ng6 30. Qd4 Qc5 31. f3 Qxd4 32. Nxd4 Ne5 33. Rd1 g6
34. Kf2 Kg7 35. Nge2 Kf8 36. g4 Nc6 37. Rc1 Ke7 38. h4 Kd6 39. h5 Ne7 40. Rh1
gxh5 41. gxh5 Rg8 42. Ng3 Rg5 43. b4 Kd7 44. Rh4 Ne8 45. Rf4 Nd6 46. a4 b6 47.
a5 bxa5 48. bxa5 f5 49. Rh4 Nc4 50. f4 Rg4 51. Rh3 Nd6 52. Rh1 Rg8 53. Rb1 Ra8
54. Kf3 Kc7 55. Ne6+ Kc8 56. Nc5 Rb8 57. Rxb8+ Kxb8 58. Nxa6+ Kb7 59. Nb4 Nc4
60. a6+ Kb6 61. Ke2 Nd6 62. Kd3 Nb5 63. Ne2 Ka5 64. Nc3 Nc7 65. Nbxd5 Nexd5 66.
Nxd5 Nxd5 67. a7 Nc7 68. Kd4 Kb6 69. Ke5 Kxa7 70. Kxf5 Nd5 71. Kg6 Nxe3 72.
Kxh6 1-0

[Event "5th Kings Tournament"]
[Site "Medias ROU"]
[Date "2011.06.18"]
[Round "7"]
[White "Karjakin, Sergey"]
[Black "Radjabov, Teimour"]
[Result "1/2-1/2"]
[WhiteElo "2776"]
[BlackElo "2744"]
[PlyCount "59"]
[EventDate "2011.06.11"]

1. e4 e5 2. Nf3 Nc6 3. Bb5 f5 4. Nc3 fxe4 5. Nxe4 Nf6 6. Nxf6+ Qxf6 7. Qe2 Be7
8. Bxc6 bxc6 9. Nxe5 Qe6 10. Nf3 Qxe2+ 11. Kxe2 c5 12. Re1 Bb7 13. Kf1 Bxf3 14.
gxf3 Rf8 15. Kg2 Rf5 16. d3 d5 17. f4 Rf7 18. Re5 O-O-O 19. Rb1 c6 20. Bd2 Bd6
21. Re6 Kd7 22. Rbe1 Rdf8 23. R1e2 Rf6 24. Rxf6 Rxf6 25. Be3 Re6 26. Kf3 d4 27.
Bd2 Rxe2 28. Kxe2 Ke6 29. Kf3 Kf5 30. h3 1/2-1/2

[Event "5th Kings Tournament"]
[Site "Medias ROU"]
[Date "2011.06.19"]
[Round "8"]
[White "Ivanchuk, Vassily"]
[Black "Nisipeanu, Liviu-Dieter"]
[Result "1/2-1/2"]
[WhiteElo "2776"]
[BlackElo "2662"]
[PlyCount "48"]
[EventDate "2011.06.11"]

1. c4 c5 2. Nf3 Nf6 3. Nc3 e6 4. d4 cxd4 5. Nxd4 a6 6. e4 Qc7 7. a3 b6 8. Be3
Bb7 9. f3 Nc6 10. Be2 Nxd4 11. Bxd4 Bd6 12. Qd2 O-O 13. Na4 b5 14. cxb5 axb5
15. Bxb5 Bf4 16. Qc3 Qb8 17. Nb6 Ba6 18. Qa5 Bxb5 19. Qxb5 d5 20. Qe2 Be5 21.
Bxe5 Qxb6 22. Rd1 Ra4 23. Qf2 Qb5 24. Qe2 Qb6 1/2-1/2

[Event "5th Kings Tournament"]
[Site "Medias ROU"]
[Date "2011.06.20"]
[Round "9"]
[White "Karjakin, Sergey"]
[Black "Ivanchuk, Vassily"]
[Result "1-0"]
[WhiteElo "2776"]
[BlackElo "2776"]
[PlyCount "43"]
[EventDate "2011.06.11"]

1. e4 d6 2. d4 Nf6 3. Nc3 g6 4. f4 Bg7 5. Nf3 O-O 6. Bd3 Na6 7. O-O c5 8. d5
Nc7 9. a4 b6 10. Qe1 e6 11. dxe6 fxe6 12. e5 Nfd5 13. Ne4 dxe5 14. fxe5 Bb7 15.
Bg5 Qd7 16. Qh4 Nb4 17. Rad1 Qc6 18. Nf6+ Bxf6 19. Bxg6 hxg6 20. Bxf6 Rxf6 21.
exf6 Rf8 22. Qg5 1-0

[Event "5th Kings Tournament"]
[Site "Medias ROU"]
[Date "2011.06.20"]
[Round "9"]
[White "Nisipeanu, Liviu-Dieter"]
[Black "Carlsen, Magnus"]
[Result "1/2-1/2"]
[WhiteElo "2662"]
[BlackElo "2815"]
[PlyCount "63"]
[EventDate "2011.06.11"]

1. e4 e5 2. Nf3 Nc6 3. Bb5 a6 4. Ba4 Nf6 5. O-O Be7 6. Re1 b5 7. Bb3 d6 8. c3
O-O 9. h3 Nb8 10. d4 Nbd7 11. Nbd2 Bb7 12. Bc2 Re8 13. a4 Bf8 14. Bd3 c6 15. b3
g6 16. Bb2 exd4 17. cxd4 d5 18. Ne5 Bb4 19. Nxd7 Qxd7 20. e5 Nh5 21. Bf1 Nf4
22. Re3 c5 23. dxc5 d4 24. Ne4 Bxe4 25. Rxe4 Ne6 26. Rxd4 Nxd4 27. Qxd4 Qxd4
28. Bxd4 Rad8 29. Be3 Rxe5 30. axb5 axb5 31. Rc1 Rxe3 32. fxe3 1/2-1/2

[Event "5th Kings Tournament"]
[Site "Medias ROU"]
[Date "2011.06.21"]
[Round "10"]
[White "Carlsen, Magnus"]
[Black "Karjakin, Sergey"]
[Result "1/2-1/2"]
[WhiteElo "2815"]
[BlackElo "2776"]
[PlyCount "60"]
[EventDate "2011.06.11"]

1. d4 Nf6 2. c4 e6 3. Nf3 b6 4. Nc3 Bb4 5. e3 Bb7 6. Bd3 O-O 7. O-O c5 8. Na4
cxd4 9. exd4 Re8 10. a3 Bf8 11. Bf4 d6 12. Re1 Nbd7 13. Rc1 e5 14. dxe5 Bxf3
15. Qxf3 Nxe5 16. Bxe5 dxe5 17. Nc3 g6 18. Be4 Nxe4 19. Qxe4 Rc8 20. b4 Qd4 21.
Qxd4 exd4 22. Rxe8 Rxe8 23. Nd5 Re2 24. Kf1 Ra2 25. Rd1 Rxa3 26. Rxd4 Ra4 27.
Nf6+ Kg7 28. Ne8+ Kg8 29. Nf6+ Kg7 30. Ne8+ Kg8 1/2-1/2

[Event "5th Kings Tournament"]
[Site "Medias ROU"]
[Date "2011.06.21"]
[Round "10"]
[White "Ivanchuk, Vassily"]
[Black "Nakamura, Hikaru"]
[Result "1-0"]
[WhiteElo "2776"]
[BlackElo "2774"]
[PlyCount "119"]
[EventDate "2011.06.11"]

1. d4 d5 2. c4 c6 3. cxd5 cxd5 4. Nc3 Nf6 5. Nf3 Nc6 6. Bf4 Bf5 7. Qb3 Qb6 8.
Qxb6 axb6 9. e3 e6 10. a3 Be7 11. Be2 O-O 12. O-O Rfc8 13. Rfc1 Nh5 14. Bg5
Bxg5 15. Nxg5 Nf6 16. Nf3 Bg4 17. Nb5 Bxf3 18. Bxf3 Rd8 19. Kf1 Kf8 20. Rc3 Ke7
21. Rac1 Rdc8 22. Ke1 Kd7 23. h3 h5 24. h4 g6 25. g3 Ra5 26. Be2 Ne8 27. Rb3
Rd8 28. f3 Nf6 29. Nc3 Kc7 30. Na2 Ng8 31. Nb4 Nge7 32. Nd3 Raa8 33. Ne5 Rf8
34. Bd3 f5 35. Bb5 Rac8 36. Kf2 Rg8 37. Ba4 Rgf8 38. Rc2 Rfd8 39. Rbc3 Rd6 40.
b4 Kb8 41. Bxc6 bxc6 42. b5 Kb7 43. bxc6+ Kc7 44. a4 Rdd8 45. Rb2 Ra8 46. Rcb3
Nc8 47. Ra2 Rg8 48. a5 b5 49. Rxb5 Nd6 50. Rb4 Ra6 51. Kg2 g5 52. hxg5 Rxg5 53.
Kh3 Rg8 54. Kh4 Rh8 55. Rab2 Ra7 56. Rb6 Rha8 57. Kxh5 Rg8 58. a6 Rga8 59. Rb7+
Nxb7 60. axb7 1-0

[Event "5th Kings Tournament"]
[Site "Medias ROU"]
[Date "2011.06.21"]
[Round "10"]
[White "Radjabov, Teimour"]
[Black "Nisipeanu, Liviu-Dieter"]
[Result "1/2-1/2"]
[WhiteElo "2744"]
[BlackElo "2662"]
[PlyCount "67"]
[EventDate "2011.06.11"]

1. e4 c6 2. d4 d5 3. Nc3 dxe4 4. Nxe4 Bf5 5. Ng3 Bg6 6. Nh3 e6 7. Nf4 Bd6 8. h4
Bxf4 9. Bxf4 h6 10. c3 Nf6 11. Qb3 Nd5 12. Bd2 Qc7 13. c4 Nf6 14. Qa3 c5 15.
dxc5 O-O 16. Be2 Nc6 17. O-O Nd4 18. Bd1 a5 19. Rc1 Rfd8 20. Be3 Nc6 21. Bf3
Ne5 22. Be2 Neg4 23. Bxg4 Nxg4 24. Rfd1 Qe5 25. Nf1 Qf6 26. Rxd8+ Rxd8 27. Qxa5
Rd3 28. Qa8+ Kh7 29. Qxb7 Rxe3 30. fxe3 Qf2+ 31. Kh1 Qxh4+ 32. Kg1 Qf2+ 33. Kh1
Qh4+ 34. Kg1 1/2-1/2

[Event "Cez Trophy"]
[Site "?"]
[Date "2011.06.13"]
[Round "1"]
[White "Movsesian, Sergei"]
[Black "Navara, David"]
[Result "1/2-1/2"]
[WhiteElo "2705"]
[BlackElo "2702"]
[PlyCount "68"]
[EventDate "2011.06.14"]

1. c4 Nf6 2. Nc3 c5 3. g3 Nc6 4. Bg2 e6 5. Nf3 d5 6. cxd5 Nxd5 7. O-O Be7 8. d4
O-O 9. Nxd5 exd5 10. dxc5 Bxc5 11. Bg5 f6 12. Rc1 Bb6 13. Bd2 Bf5 14. e3 Be4
15. Bc3 Rc8 16. Bh3 Rc7 17. Nd4 Re8 18. Ne6 Qd7 19. f3 Bxe3+ 20. Kh1 Bxc1 21.
fxe4 d4 22. Nxc7 Qxc7 23. Bxd4 Nxd4 24. Qxd4 Kh8 25. Qd7 Re7 26. Qc8+ Qxc8 27.
Bxc8 Rc7 28. Bxb7 Bxb2 29. Bd5 h5 30. Kg2 Kh7 31. Bb3 Be5 32. Rf2 Rc3 33. Rf3
Rc1 34. Rf1 Rxf1 1/2-1/2

[Event "Cez Trophy"]
[Site "?"]
[Date "2011.06.14"]
[Round "2"]
[White "Navara, David"]
[Black "Movsesian, Sergei"]
[Result "1/2-1/2"]
[WhiteElo "2702"]
[BlackElo "2705"]
[PlyCount "71"]
[EventDate "2011.06.15"]

1. d4 Nf6 2. c4 e6 3. Nc3 Bb4 4. Qc2 O-O 5. a3 Bxc3+ 6. Qxc3 d5 7. Nf3 dxc4 8.
Qxc4 b6 9. Bg5 Ba6 10. Qa4 c5 11. dxc5 bxc5 12. Rc1 Qb6 13. Bxf6 gxf6 14. Rc2
Nc6 15. e3 Bxf1 16. Rxf1 Na5 17. b4 Nb7 18. Ke2 Rab8 19. Rb1 Rfd8 20. Rcc1 cxb4
21. Rxb4 Nc5 22. Rxb6 Nxa4 23. Rxb8 Rxb8 24. Nd4 f5 25. Kf3 Rb7 26. h3 Nb6 27.
g4 fxg4+ 28. hxg4 Kg7 29. Rc5 h6 30. Ne2 Nd7 31. Ra5 Kf6 32. Nc3 Ne5+ 33. Kg3
Nc4 34. Ne4+ Kg6 35. Ra6 h5 36. gxh5+ 1/2-1/2

[Event "Cez Trophy"]
[Site "?"]
[Date "2011.06.15"]
[Round "3"]
[White "Movsesian, Sergei"]
[Black "Navara, David"]
[Result "1/2-1/2"]
[WhiteElo "2705"]
[BlackElo "2702"]
[PlyCount "70"]
[EventDate "2011.06.16"]

1. c4 e5 2. Nc3 Nf6 3. g3 d5 4. cxd5 Nxd5 5. Bg2 Nb6 6. Nf3 Nc6 7. O-O Be7 8.
a3 O-O 9. d3 Re8 10. b4 Bf8 11. Bb2 a5 12. b5 Nd4 13. Nd2 a4 14. Nc4 Nxc4 15.
dxc4 Nb3 16. Qxd8 Rxd8 17. Rad1 Rd2 18. Rb1 Bf5 19. Bxb7 Ra7 20. Be4 Bxe4 21.
Nxe4 Rxe2 22. Rfe1 Rc2 23. Bxe5 Rxc4 24. Rbd1 Ra8 25. Rd7 Rc8 26. f3 Bxa3 27.
Red1 Bf8 28. Rd8 Rc1 29. Rxc8 Rxd1+ 30. Kg2 a3 31. Ra8 Nd4 32. Bxc7 Nxb5 33.
Bb6 h6 34. Bc5 a2 35. Rxa2 Bxc5 1/2-1/2

[Event "Cez Trophy"]
[Site "?"]
[Date "2011.06.17"]
[Round "4"]
[White "Navara, David"]
[Black "Movsesian, Sergei"]
[Result "1-0"]
[WhiteElo "2702"]
[BlackElo "2705"]
[PlyCount "81"]
[EventDate "2011.06.18"]

1. e4 c5 2. Nf3 e6 3. d4 cxd4 4. Nxd4 Nc6 5. Nc3 Qc7 6. Be3 a6 7. Bd3 Nf6 8.
O-O Nxd4 9. Bxd4 Bc5 10. Be2 e5 11. Bxc5 Qxc5 12. Qd3 b5 13. a4 b4 14. Nd5 Nxd5
15. Qxd5 Qxd5 16. exd5 d6 17. f4 f6 18. a5 Ke7 19. fxe5 fxe5 20. c3 Bb7 21. c4
Bc8 22. Rad1 Rf8 23. Rxf8 Kxf8 24. c5 dxc5 25. d6 Be6 26. Rc1 Ke8 27. Rxc5 Kd7
28. Bf3 Rf8 29. Rc7+ Kxd6 30. Rc6+ Ke7 31. Rxa6 Bc4 32. Rb6 e4 33. Rxb4 Bd3 34.
Be2 Rc8 35. Bxd3 exd3 36. Kf2 Rc5 37. a6 Re5 38. a7 d2 39. Rb7+ Ke6 40. a8=Q
d1=Q 41. Qc8+ 1-0

[Event "Cez Trophy"]
[Site "?"]
[Date "2011.06.18"]
[Round "5"]
[White "Movsesian, Sergei"]
[Black "Navara, David"]
[Result "1/2-1/2"]
[WhiteElo "2705"]
[BlackElo "2702"]
[PlyCount "90"]
[EventDate "2011.06.19"]

1. c4 e5 2. Nc3 Nf6 3. g3 d5 4. cxd5 Nxd5 5. Bg2 Nb6 6. Nf3 Nc6 7. O-O Be7 8.
a3 O-O 9. d3 Be6 10. b4 Nd4 11. Bb2 Nxf3+ 12. Bxf3 c6 13. Ne4 Nd7 14. Qc2 f5
15. Nd2 Bf6 16. Bg2 Qe7 17. Nc4 Rac8 18. Rac1 Kh8 19. a4 Bxc4 20. Qxc4 e4 21.
Bxf6 Nxf6 22. b5 c5 23. dxe4 fxe4 24. Bh3 Rc7 25. Rfd1 Qe5 26. Qe6 Qh5 27. e3
b6 28. Rd2 Re8 29. Qf5 Qxf5 30. Bxf5 Kg8 31. Rd6 Re5 32. Bh3 Kf8 33. Rc6 Rxc6
34. bxc6 Re7 35. Rd1 Rc7 36. Rd6 a6 37. Kf1 b5 38. axb5 axb5 39. Ke2 b4 40. Kd2
Ke7 41. Re6+ Kf7 42. Kc2 c4 43. Rd6 Ke7 44. Re6+ Kf7 45. Rd6 Ke7 1/2-1/2

[Event "Cez Trophy"]
[Site "?"]
[Date "2011.06.19"]
[Round "6"]
[White "Navara, David"]
[Black "Movsesian, Sergei"]
[Result "1/2-1/2"]
[WhiteElo "2702"]
[BlackElo "2705"]
[PlyCount "83"]
[EventDate "2011.06.20"]

1. e4 c5 2. Nf3 e6 3. d4 cxd4 4. Nxd4 Nc6 5. Nc3 Qc7 6. g3 a6 7. Bg2 d6 8. O-O
Be7 9. Re1 Bd7 10. Nxc6 Bxc6 11. Qg4 h5 12. Qe2 h4 13. a4 Nf6 14. a5 Kf8 15.
Be3 e5 16. Nd5 Nxd5 17. exd5 Bb5 18. c4 Qxc4 19. Qxc4 Bxc4 20. Rec1 Bd3 21. Ra3
e4 22. Rb3 Re8 23. Bf1 hxg3 24. hxg3 Bxf1 25. Kxf1 Rh1+ 26. Ke2 Rxc1 27. Bxc1
Rc8 28. Rxb7 Rxc1 29. Rb8+ Bd8 30. Rxd8+ Ke7 31. Ra8 Rc2+ 32. Ke3 Rxb2 33. Rxa6
f5 34. Ra8 Ra2 35. g4 Ra3+ 36. Kf4 Rf3+ 37. Kg5 Rxf2 38. a6 e3 39. Ra7+ Kf8 40.
Ra8+ Kf7 41. Ra7+ Kf8 42. Ra8+ 1/2-1/2

[Event "Russian Championship"]
[Site "Taganrog RUS"]
[Date "2011.06.15"]
[Round "1"]
[White "Bocharov, Dmitry"]
[Black "Vitiugov, Nikita"]
[Result "1/2-1/2"]
[WhiteElo "2580"]
[BlackElo "2733"]
[PlyCount "84"]
[EventDate "2011.??.??"]

1. d4 Nf6 2. c4 e6 3. Nc3 Bb4 4. f3 c5 5. d5 O-O 6. e4 Re8 7. Nge2 d6 8. Ng3 b5
9. Bf4 bxc4 10. Bxc4 Ba6 11. Bxa6 Nxa6 12. O-O c4 13. Kh1 Nc5 14. dxe6 Nxe6 15.
Be3 d5 16. e5 d4 17. Bxd4 Ng4 18. fxg4 Qxd4 19. Qxd4 Nxd4 20. Nd5 Rab8 21. Rac1
Rxe5 22. Nxb4 Rxb4 23. b3 h5 24. gxh5 cxb3 25. axb3 Nxb3 26. Rc8+ Kh7 27. h3
Rb7 28. Rd1 Rc5 29. Rf8 Rc1 30. Rxc1 Nxc1 31. Ne4 Re7 32. Nd6 Ne2 33. g4 g6 34.
Rxf7+ Rxf7 35. Nxf7 gxh5 36. gxh5 a5 37. Nd6 a4 38. Nb5 Kh6 39. Kg2 Kxh5 40.
Kf2 Kh4 41. Kxe2 a3 42. Nxa3 Kxh3 1/2-1/2

[Event "Russian Championship"]
[Site "Taganrog RUS"]
[Date "2011.06.15"]
[Round "1"]
[White "Chadaev, Nikolai"]
[Black "Tomashevsky, Evgeny"]
[Result "1/2-1/2"]
[WhiteElo "2577"]
[BlackElo "2707"]
[PlyCount "65"]
[EventDate "2011.??.??"]

1. e4 e5 2. Nf3 Nc6 3. Bb5 a6 4. Bxc6 dxc6 5. O-O Bd6 6. d4 exd4 7. Qxd4 f6 8.
Be3 Ne7 9. Nbd2 Be6 10. Qc3 Ng6 11. Nd4 Qe7 12. Nxe6 Qxe6 13. Qb3 Qxb3 14. axb3
O-O-O 15. Rfd1 Rd7 16. Nc4 Re8 17. f3 Ne5 18. Kf2 Red8 19. Nxe5 fxe5 20. Ke2
Be7 21. Rxd7 Kxd7 22. h4 Ke6 23. Bg5 Rd6 24. Bxe7 Kxe7 25. Ra5 Re6 26. Ke3 Kd6
27. b4 Rg6 28. Kf2 Rh6 29. Kg3 Rg6+ 30. Kh3 Rh6 31. Kg3 Rg6+ 32. Kh3 Rh6 33.
Kg3 1/2-1/2

[Event "Russian Championship"]
[Site "Taganrog RUS"]
[Date "2011.06.15"]
[Round "1"]
[White "Jakovenko, Dmitri"]
[Black "Zakhartsov, Viacheslav"]
[Result "1-0"]
[WhiteElo "2732"]
[BlackElo "2578"]
[PlyCount "97"]
[EventDate "2011.??.??"]

1. e4 c5 2. Nf3 e6 3. d4 cxd4 4. Nxd4 Nc6 5. Nc3 Qc7 6. Be3 a6 7. Qd2 Nf6 8.
O-O-O Bb4 9. f3 O-O 10. g4 Ne5 11. g5 Nh5 12. Kb1 Bxc3 13. Qxc3 Qxc3 14. bxc3
d5 15. Rg1 Ng6 16. Nb3 Re8 17. Nc5 b5 18. a4 bxa4 19. Ka2 dxe4 20. fxe4 e5 21.
Bc4 Nhf4 22. Rd6 a5 23. Nxa4 Be6 24. Bb3 Nh4 25. Rf1 Nhg2 26. Bb6 Nh3 27. Bxe6
fxe6 28. Rd3 Nhf4 29. Rg3 Nh4 30. c4 Nhg6 31. c5 Rec8 32. Rd1 Ne2 33. Rgd3 Nd4
34. c3 Nc6 35. Rd6 Nf4 36. h4 Kf7 37. Rd7+ Ne7 38. Bd8 Rxd8 39. Rxd8 Rxd8 40.
Rxd8 Nfg6 41. h5 Nf4 42. h6 Nh3 43. Rd7 gxh6 44. gxh6 Ke8 45. Rd6 Ng5 46. c6
Nc8 47. Rd3 Nxe4 48. c7 Ned6 49. Nb6 1-0

[Event "Russian Championship"]
[Site "Taganrog RUS"]
[Date "2011.06.15"]
[Round "1"]
[White "Morozevich, Alexander"]
[Black "Vorobiov, Evgeny"]
[Result "1-0"]
[WhiteElo "2694"]
[BlackElo "2570"]
[PlyCount "71"]
[EventDate "2011.06.15"]

1. e4 c5 2. Nf3 Nc6 3. d4 cxd4 4. Nxd4 g6 5. c4 Nf6 6. Nc3 d6 7. Nc2 Bg7 8. Be2
O-O 9. O-O Nd7 10. Bd2 Nc5 11. b4 Ne6 12. Rb1 Ned4 13. Nxd4 Nxd4 14. Bd3 b6 15.
Be3 Bb7 16. Qd2 Qd7 17. Rfd1 Rac8 18. Bf1 e5 19. Rbc1 a5 20. bxa5 bxa5 21. Nb5
Nxb5 22. cxb5 Rxc1 23. Rxc1 Bxe4 24. b6 Bc6 25. Qxa5 d5 26. Qc5 Bb7 27. Qc7
Qxc7 28. Rxc7 Rb8 29. a4 d4 30. Bd2 Bd5 31. a5 Bf8 32. h4 Kg7 33. Bc4 Bxc4 34.
Rxc4 Be7 35. Bb4 d3 36. Kf1 1-0

[Event "Russian Championship"]
[Site "Taganrog RUS"]
[Date "2011.06.16"]
[Round "2"]
[White "Romanov, Evgeny"]
[Black "Morozevich, Alexander"]
[Result "1/2-1/2"]
[WhiteElo "2624"]
[BlackElo "2694"]
[PlyCount "87"]
[EventDate "2011.06.15"]

1. d4 Nf6 2. c4 g6 3. Nc3 d5 4. Bg5 Ne4 5. Bh4 c5 6. cxd5 Nxc3 7. bxc3 Qxd5 8.
e3 Bg7 9. Nf3 Nc6 10. Be2 cxd4 11. cxd4 O-O 12. O-O Bf5 13. Nd2 e5 14. Bf3 Qd6
15. Bg3 Qf6 16. d5 Na5 17. Qa4 b6 18. e4 Bc8 19. Be2 h5 20. h4 Nb7 21. Qc6 Qxc6
22. dxc6 Nc5 23. f3 Be6 24. Nc4 Rac8 25. Nxe5 Rfe8 26. Rfd1 Re7 27. Bb5 a6 28.
Bf1 Kh7 29. Rd2 f6 30. Nd7 Rxc6 31. Nb8 Rc8 32. Nxa6 f5 33. e5 Ra7 34. Rd6 Bg8
35. Nb4 Re8 36. Rxb6 Nd7 37. Ra6 Rxa6 38. Bxa6 Nxe5 39. Rd1 Ra8 40. a4 Bb3 41.
Re1 Nf7 42. Bb5 Bc3 43. Rb1 Bxa4 44. Bxa4 1/2-1/2

[Event "Russian Championship"]
[Site "Taganrog RUS"]
[Date "2011.06.16"]
[Round "2"]
[White "Tomashevsky, Evgeny"]
[Black "Bocharov, Dmitri"]
[Result "1-0"]
[WhiteElo "2707"]
[BlackElo "2580"]
[PlyCount "67"]
[EventDate "2011.06.15"]

1. d4 Nf6 2. c4 e6 3. g3 c5 4. d5 exd5 5. cxd5 b5 6. e4 Nxe4 7. Bg2 Nd6 8. Nf3
Be7 9. O-O O-O 10. Bf4 Na6 11. Re1 Bb7 12. Nc3 b4 13. Bxd6 Bxd6 14. Ne4 Be7 15.
d6 Bf6 16. Nxf6+ Qxf6 17. Ne5 Bxg2 18. Kxg2 Rad8 19. Qd5 Nb8 20. Qxc5 Nc6 21.
Nxc6 dxc6 22. Rad1 Qxb2 23. d7 Qc3 24. Qe7 Qf6 25. Qxb4 Qf5 26. Qd6 Qb5 27. Rd2
c5 28. Qd5 g6 29. Rc1 Qb4 30. Rdd1 Qb6 31. Qxc5 Qb7+ 32. Qc6 Qxc6+ 33. Rxc6 Ra8
34. Rdc1 1-0

[Event "Russian Championship"]
[Site "Taganrog RUS"]
[Date "2011.06.17"]
[Round "3"]
[White "Jakovenko, Dmitry"]
[Black "Romanov, Evgeny"]
[Result "1/2-1/2"]
[WhiteElo "2732"]
[BlackElo "2624"]
[PlyCount "103"]
[EventDate "2011.??.??"]

1. e4 c5 2. Nf3 Nc6 3. d4 cxd4 4. Nxd4 Nf6 5. Nc3 d6 6. Bg5 e6 7. Qd2 Qb6 8.
Bxf6 gxf6 9. Nb3 Bd7 10. O-O-O O-O-O 11. Kb1 Kb8 12. f4 h5 13. Be2 Na5 14. Rhf1
Be7 15. Rf3 Nxb3 16. axb3 Qc5 17. Rh3 h4 18. Bg4 Bc6 19. Rd3 Rhg8 20. h3 a6 21.
Qe1 Rh8 22. Nd5 Bf8 23. b4 Qa7 24. Nxf6 Be7 25. Nh5 Qb6 26. Bf3 Qb5 27. Rd4
Rdg8 28. c4 Qb6 29. f5 Ba4 30. R1d3 e5 31. f6 exd4 32. fxe7 Qc7 33. b3 Bc6 34.
Qxh4 Re8 35. Qf4 Qxe7 36. Nf6 Qe5 37. Qxe5 dxe5 38. Nxe8 Rxe8 39. g4 Rh8 40.
Bg2 f5 41. gxf5 Rg8 42. Rd2 Kc7 43. f6 Kd6 44. f7 Rf8 45. Rf2 Ke7 46. Rf5 Ke6
47. Kc2 Rxf7 48. Rxf7 Kxf7 49. h4 Kg6 50. Bf3 Bd7 51. Kd2 Be6 52. Kd3 1/2-1/2

[Event "Russian Championship"]
[Site "Taganrog RUS"]
[Date "2011.06.17"]
[Round "3"]
[White "Matlakov, Maxim"]
[Black "Vitiugov, Nikita"]
[Result "1/2-1/2"]
[WhiteElo "2632"]
[BlackElo "2733"]
[PlyCount "49"]
[EventDate "2011.??.??"]

1. d4 Nf6 2. c4 e6 3. Nf3 d5 4. g3 Bb4+ 5. Bd2 Be7 6. Bg2 c6 7. O-O O-O 8. Qc2
b6 9. Rd1 Bb7 10. Bf4 Nbd7 11. Nc3 dxc4 12. Nd2 Nd5 13. Nxc4 Nxf4 14. gxf4 Qc7
15. e3 Rad8 16. Rac1 c5 17. d5 exd5 18. Nxd5 Bxd5 19. Rxd5 b5 20. Ne5 Nxe5 21.
Rxe5 Bd6 22. Rd5 Be7 23. Re5 Bd6 24. Rd5 Be7 25. Re5 1/2-1/2

[Event "Russian Championship"]
[Site "Taganrog RUS"]
[Date "2011.06.17"]
[Round "3"]
[White "Morozevich, Alexander"]
[Black "Khalifman, Alexander"]
[Result "1/2-1/2"]
[WhiteElo "2694"]
[BlackElo "2627"]
[PlyCount "114"]
[EventDate "2011.??.??"]

1. d4 Nf6 2. Bg5 d5 3. Nd2 c5 4. dxc5 Na6 5. e4 Nxc5 6. exd5 Qxd5 7. Ngf3 e6 8.
Bc4 Qd8 9. Qe2 Be7 10. O-O-O Qa5 11. Kb1 O-O 12. Nb3 Qc7 13. Nxc5 Qxc5 14. Be3
Qc7 15. Bd4 a6 16. Ng5 h6 17. h4 b5 18. Bd3 Bb7 19. Bxf6 Bxf6 20. Nh7 Bxb2 21.
Kxb2 Rfd8 22. Rhe1 Qf4 23. Qe5 Qxh4 24. f4 Rac8 25. g4 Qf2 26. Kb1 Rxd3 27.
cxd3 Qc2+ 28. Ka1 Bd5 29. Qb2 Kxh7 30. Rc1 Qxb2+ 31. Kxb2 Rd8 32. Rc7 Kg6 33.
Re3 Rd6 34. a3 Rb6 35. Re5 Kf6 36. d4 b4 37. a4 b3 38. a5 Rb5 39. Rc5 Rxc5 40.
g5+ hxg5 41. fxg5+ Ke7 42. dxc5 f5 43. Re2 f4 44. Rh2 e5 45. Kc3 f3 46. Rd2 Bc6
47. Kd3 Kd7 48. Kc4+ Kc7 49. Rf2 b2 50. Rxb2 Bb5+ 51. Kc3 Kc6 52. Rf2 Be2 53.
Kd2 Kxc5 54. Ke3 Kd5 55. Rh2 Ke6 56. Ke4 Kd6 57. Ke3 Ke6 1/2-1/2

[Event "Russian Championship"]
[Site "Taganrog RUS"]
[Date "2011.06.17"]
[Round "3"]
[White "Savchenko, Boris"]
[Black "Tomashevsky, Evgeny"]
[Result "0-1"]
[WhiteElo "2630"]
[BlackElo "2707"]
[PlyCount "98"]
[EventDate "2011.??.??"]

1. e4 e5 2. Nf3 Nc6 3. Bb5 a6 4. Bxc6 dxc6 5. O-O Bd6 6. c3 Bg4 7. h3 Bxf3 8.
Qxf3 Qf6 9. d4 Qxf3 10. gxf3 exd4 11. cxd4 Ne7 12. Nc3 O-O-O 13. Be3 Ng6 14.
Kh1 f5 15. e5 Bb4 16. Ne2 Nf8 17. Rfc1 Ne6 18. Rc4 Be7 19. Rg1 g5 20. f4 h6 21.
f3 Rd7 22. Rg2 Kd8 23. Rh2 Ke8 24. fxg5 hxg5 25. f4 gxf4 26. Nxf4 Nxf4 27. Bxf4
Kf7 28. Be3 Ke6 29. b3 c5 30. dxc5 Rd3 31. Bf2 Rdxh3 32. Rxh3 Rxh3+ 33. Kg2 Rd3
34. Ra4 c6 35. Kf1 Kxe5 36. Ke2 Rd7 37. Be3 Ke6 38. Rc4 Bf6 39. a4 Rh7 40. Rb4
Be5 41. Rc4 Rh2+ 42. Kd3 Rh3 43. Kd2 Kd5 44. a5 f4 45. Bxf4 Rxb3 46. Ra4 Bxf4+
47. Rxf4 Kxc5 48. Kc2 Rb5 49. Rf7 Kb4 0-1

[Event "Russian Championship"]
[Site "Taganrog RUS"]
[Date "2011.06.18"]
[Round "4"]
[White "Lysyj, Igor"]
[Black "Jakovenko, Dmitry"]
[Result "1/2-1/2"]
[WhiteElo "2629"]
[BlackElo "2732"]
[PlyCount "60"]
[EventDate "2011.??.??"]

1. d4 Nf6 2. c4 e6 3. Nc3 Bb4 4. Qc2 d5 5. a3 Bxc3+ 6. Qxc3 Ne4 7. Qc2 c5 8.
dxc5 Nc6 9. e3 Qa5+ 10. Bd2 Nxd2 11. Qxd2 dxc4 12. Qxa5 Nxa5 13. Rc1 b5 14.
cxb6 Bb7 15. bxa7 Ke7 16. Ne2 Rxa7 17. Nc3 Rb8 18. Na2 Bd5 19. Nb4 Nc6 20.
Nxc6+ Bxc6 21. Rxc4 Ba4 22. Rb4 Rxb4 23. axb4 Bb5 24. f3 Ra1+ 25. Kf2 Rb1 26.
Rg1 Rxb2+ 27. Kg3 Rb1 28. Kf2 Rb2+ 29. Kg3 Rb1 30. Kf2 Rb2+ 1/2-1/2

[Event "Russian Championship"]
[Site "Taganrog RUS"]
[Date "2011.06.18"]
[Round "4"]
[White "Ponkratov, Pavel"]
[Black "Morozevich, Alexander"]
[Result "1/2-1/2"]
[WhiteElo "2582"]
[BlackElo "2694"]
[PlyCount "80"]
[EventDate "2011.??.??"]

1. e4 e5 2. Nf3 Nc6 3. Bc4 Bc5 4. O-O d6 5. c3 Nf6 6. Re1 O-O 7. h3 Bb6 8. Bb3
h6 9. Na3 Be6 10. Bxe6 fxe6 11. Nc4 Nd7 12. d3 Qe7 13. a4 a6 14. Nxb6 Nxb6 15.
d4 exd4 16. cxd4 Qf7 17. Ra3 Qh5 18. Rc3 Rf7 19. Be3 d5 20. e5 Raf8 21. Bc1
Rxf3 22. Rxf3 Rxf3 23. gxf3 Qxh3 24. f4 Qf5 25. Re3 Nc8 26. Rb3 N8e7 27. Rxb7
Qg6+ 28. Kf1 Nf5 29. Rxc7 Ncxd4 30. b4 Qe8 31. Bb2 Qb8 32. Rc1 Qxb4 33. Bxd4
Nxd4 34. Qd3 Nf5 35. Qxa6 Kh7 36. Qxe6 Qe4 37. Qc8 Qh1+ 38. Ke2 Qe4+ 39. Kf1
Qh1+ 40. Ke2 Qe4+ 1/2-1/2